[Event "Khanty-Mansiysk Governor Cup Rapid"]
[Site "Khanty-Mansiysk"]
[Date "2023.11.26"]
[Round "4"]
[White "Iljiushenok, Ilia"]
[Black "Levchenko, Leonid"]
[Result "1-0"]
[WhiteElo "2547"]
[BlackElo "2193"]
[PlyCount "97"]
[EventDate "2023.11.26"]
[EventType "swiss (rapid)"]
[EventRounds "11"]
[EventCountry "RUS"]
[SourceTitle "CB49_2023"]
[SourceDate "2023.12.06"]
[SourceVersion "1"]
[SourceVersionDate "2023.12.06"]
[SourceQuality "1"]

1. e4 c5 2. c3 Nf6 3. e5 Nd5 4. Nf3 Nc6 5. Bc4 Nb6 6. Bb3 c4 7. Bc2 Qc7 8. Qe2 g5 9. Nxg5 Qxe5 10. d4 cxd3 11. Bxd3 Qxe2+ 12. Bxe2 h6 13. Nh3 d5 14. Nf4 e5 15. Nh5 Be6 16. f4 e4 17. Be3 0-0-0 18. Nd2 d4 19. cxd4 Nd5 20. Kf2 Nxe3 21. Kxe3 f5 22. Rac1 Kb8 23. Nb3 Bb4 24. Bc4 Bc8 25. Rhd1 a6 26. Bxa6 Ne7 27. Bc4 b5 28. Bxb5 Nd5+ 29. Kf2 e3+ 30. Kf3 Bb7 31. Bc6 Rhe8 32. Ng3 e2 33. Nxe2 Re3+ 34. Kf2 Bxc6 35. Rxc6 Rde8 36. Nbc1 R3e4 37. Rd3 Nxf4 38. Rb3 Nxe2 39. Rxb4+ Ka7 40. Nxe2 Rxe2+ 41. Kf3 R2e3+ 42. Kf4 R3e4+ 43. Kxf5 Re2 44. Rc3 Rf8+ 45. Kg4 Rxg2+ 46. Kh3 Rg6 47. Ra3+ Ra6 48. Rxa6+ Kxa6 49. Kg4 1-0

[Event "Khanty-Mansiysk Governor Cup 19th"]
[Site "Khanty-Mansiysk"]
[Date "2023.11.19"]
[Round "3"]
[White "Levchenko, Leonid"]
[Black "Demidov, Mikhail"]
[Result "0-1"]
[WhiteElo "2193"]
[BlackElo "2562"]
[PlyCount "50"]
[EventDate "2023.11.17"]
[EventType "swiss"]
[EventRounds "9"]
[EventCountry "RUS"]
[SourceTitle "CB48_2023"]
[SourceDate "2023.11.29"]
[SourceVersion "1"]
[SourceVersionDate "2023.11.29"]
[SourceQuality "1"]

1. d4 Nf6 2. Nf3 c5 3. c4 cxd4 4. Nxd4 b6 5. Nc3 Bb7 6. f3 d6 7. e4 e6 8. Be2 a6 9. 0-0 Nbd7 10. Be3 Be7 11. Qd2 0-0 12. Rac1 Rc8 13. Rfd1 Qc7 14. b3 Qb8 15. Kh1 Rfe8 16. Bg1 h5 17. Bf1 h4 18. Bf2 h3 19. g3 d5 20. cxd5 exd5 21. e5 Nxe5 22. Bxh3 Nxf3 23. Nxf3 d4 24. Bxc8 Bxf3+ 25. Kg1 dxc3 0-1